• 首页
  • 本馆介绍
  • 公告通知
  • 最新文献
  • 馆藏检索
  • 电子资源
  • 读者导购
  • 参考咨询
  • 我的图书馆
  • 登录
  • 详细信息显示
  • 放入我的书架
  • 预约/预借图书
  • 作者相关作品
  • 分类相关作品
  • 丛书相关作品
  • 出版社相关作品

书目信息

  • 表格格式
  • 工作单格式
  • 卡片格式
题名:
葡萄园生产与经营致富一本通
    
 
作者: 牛生洋 , 刘崇怀 主编
分册:  
出版信息: 北京   中国农业出版社  2018
页数: 228页
开本: 21cm
丛书名: 现代果园生产与经营丛书
单 册:
中图分类: S663.1
科图分类:
主题词: 葡萄栽培--pu tao zai pei , 葡萄--pu tao--果园管理
电子资源:
ISBN: 978-7-109-24433-7
000 01132nam 2200301 45
001 012001003288
005 20140129172247.0
010    @a978-7-109-24433-7@dCNY28.00
099    @aCAL 012019079822
100    @a20190620d2018 em y0chiy50 ea
101 0  @achi
102    @aCN@b110000
105    @aafk a 000yy
106    @ar
200 1  @a葡萄园生产与经营致富一本通@Apu tao yuan sheng chan yu jing ying zhi fu yi ben tong@f牛生洋, 刘崇怀主编
210    @a北京@c中国农业出版社@d2018
215    @a228页@c彩图@d21cm
225 1  @a现代果园生产与经营丛书@Axian dai guo yuan sheng chan yu jing ying cong shu@h第一批
320    @a有书目 (第227-228页)
330    @a本书介绍了葡萄产业发展与投资规划、建园、苗木繁育、果园管理技术(整形修剪、土肥水、花果管理、病虫害防治技术)、葡萄园经营管理与市场营销等方面的内容。
410  0 @12001 @a现代果园生产与经营丛书@h第一批
606 0  @a葡萄栽培@Apu tao zai pei
606 0  @a葡萄@Apu tao@x果园管理
690    @aS663.1@v5
701  0 @a牛生洋@Aniu sheng yang@4主编
701  0 @a刘崇怀@Aliu chong huai@4主编
801  0 @aCN@b北京卓展@c20191020
905    @b1211089-92@dS663.1@e575@f4
    
    葡萄园生产与经营致富一本通/牛生洋, 刘崇怀主编.-北京:中国农业出版社,2018
    228页:彩图;21cm.-(现代果园生产与经营丛书.第一批)
    
    
    ISBN 978-7-109-24433-7:CNY28.00
    本书介绍了葡萄产业发展与投资规划、建园、苗木繁育、果园管理技术(整形修剪、土肥水、花果管理、病虫害防治技术)、葡萄园经营管理与市场营销等方面的内容。
●
相关链接 在E读中查询图书 在五车中查询图书 在当当中查询图书 在豆瓣中查询图书


正题名:葡萄园生产与经营致富一本通     索取号:S663.1/575         预约/预借

序号 登录号 条形码 馆藏地/架位号 状态 备注
1 1211089   212110892   第二样本阅览室/ [索取号:S663.1/575] 在馆    
2 1211090   212110909   第三借阅区/ [索取号:S663.1/575] 在馆    
3 1211091   212110918   第三借阅区/ [索取号:S663.1/575] 在馆    
4 1211092   212110927   第三借阅区/ [索取号:S663.1/575] 在馆    
唐山师范学院图书馆 欢迎您!
大连网信软件有限公司© 版权所有